| 000 | 00382nam a22001577a 4500 | ||
|---|---|---|---|
| 999 |
_c2976 _d2976 |
||
| 003 | OSt | ||
| 005 | 20181019173856.0 | ||
| 008 | 181019b ||||| |||| 00| 0 eng d | ||
| 040 | _cDLC | ||
| 082 |
_a233 _bR478W |
||
| 100 | _aRhoton, Dale | ||
| 245 |
_aWhat Price For The Man? _cBy Dale Rhoton. |
||
| 260 |
_aBombay : _bQuest For Truth, _cc1968. |
||
| 300 | _a35 p.: | ||
| 942 |
_2ddc _cBK |
||